| Tag |
First Indicator |
Second Indicator |
Subfields |
| LEADER |
00000cam a2200000 a 4500 |
| 001 |
in00000015904 |
| 005 |
20151007052629.0 |
| 008 |
860630c19871983nyua b 00010 eng |
| 010 |
|
|
|a 86017686
|
| 020 |
|
|
|a 0847807835 :
|c $65.00
|
| 035 |
|
|
|a (OCoLC)13861043
|
| 035 |
|
|
|9 AAA8585AM
|
| 040 |
|
|
|a DLC
|c DLC
|d TXA
|d UtOrBLW
|
| 041 |
1 |
|
|a eng
|a jpn
|
| 043 |
|
|
|a a-ja---
|
| 049 |
|
|
|a TXAM
|c [A11056524]
|
| 050 |
0 |
0 |
|a NA7758.K94
|b I8613 1987
|
| 100 |
1 |
|
|a Isozaki, Arata.
|
| 240 |
1 |
0 |
|a Katsura Rikyū.
|l English
|
| 245 |
1 |
0 |
|a Katsura Villa :
|b space and form /
|c photographs by Yasuhiro Ishimoto ; text by Arata Isozaki ; notes to the plates by Osamu Satō ; [translated from the Japanese by John D. Lamb].
|
| 264 |
|
1 |
|a New York :
|b Rizzoli,
|c [1987]
|
| 264 |
|
4 |
|c [©1983]
|
| 300 |
|
|
|a 267 pages :
|b illustrations (some color) ;
|c 35 cm.
|
| 336 |
|
|
|a text
|b txt
|2 rdacontent
|
| 337 |
|
|
|a unmediated
|b n
|2 rdamedia
|
| 338 |
|
|
|a volume
|b nc
|2 rdacarrier
|
| 500 |
|
|
|a Translation of: Katsura Rikyū.
|
| 504 |
|
|
|a Includes bibliographical references.
|
| 610 |
2 |
0 |
|a Katsura Rikyū (Kyoto, Japan)
|
| 650 |
|
0 |
|a Architecture
|z Japan
|x History
|y Edo period, 1600-1868.
|
| 650 |
|
0 |
|a Classicism in architecture
|z Japan.
|
| 651 |
|
0 |
|a Kyoto (Japan)
|x Buildings, structures, etc.
|
| 700 |
1 |
|
|a Ishimoto, Yasuhiro,
|d 1921-
|
| 999 |
|
|
|a MARS
|
| 999 |
f |
f |
|s eeb3967b-7103-351a-bfc4-c31eba87e43e
|i 77cee0f2-d409-3c2a-925b-4868ba42e10b
|t 0
|
| 952 |
f |
f |
|p normal
|a Texas A&M University
|b College Station
|c Sterling C. Evans Library
|d Evans: Library Stacks
|t 0
|e NA7758.K94 I8613 1987
|f Oversize
|h Library of Congress classification
|i unmediated -- volume
|m A14811056524
|
| 998 |
f |
f |
|a NA7758.K94 I8613 1987
|t 0
|l Evans: Library Stacks
|